<?xml version="1.0" encoding="UTF-8"?>
<collection xmlns="http://www.loc.gov/MARC21/slim">
 <record>
  <leader>01574ntm a22003615a 4500</leader>
  <controlfield tag="001">EUN.eunm005449</controlfield>
  <controlfield tag="008">140711s2013####ag#a#####bm###000#0#spa#d</controlfield>
  <controlfield tag="005">20230809110757.0</controlfield>
  <datafield tag="245" ind1="1" ind2="0">
   <subfield code="a">Catalizadores de cobre, plata y oro soportados sobre óxidos mesoporosos u óxidos reducibles :</subfield>
   <subfield code="b">aplicación en reacciones de hidrogenación y de oxidación de interés en Química Fina /</subfield>
   <subfield code="c">Victoria Soledad Gutierrez.</subfield>
  </datafield>
  <datafield tag="260" ind1=" " ind2=" ">
   <subfield code="c">2013.</subfield>
  </datafield>
  <datafield tag="300" ind1=" " ind2=" ">
   <subfield code="a">[19], 260 p. :</subfield>
   <subfield code="b">il. ;</subfield>
   <subfield code="c">30 cm.</subfield>
  </datafield>
  <datafield tag="500" ind1=" " ind2=" ">
   <subfield code="a">&quot;Tesis de Doctor en Química&quot;.</subfield>
  </datafield>
  <datafield tag="500" ind1=" " ind2=" ">
   <subfield code="a">Director de tesis: María Alicia Volpe; director adjunto: Mariana Alvarez.</subfield>
  </datafield>
  <datafield tag="502" ind1=" " ind2=" ">
   <subfield code="a">Tesis (doctoral)--Universidad Nacional del Sur. Departamento de Química, 2013.</subfield>
  </datafield>
  <datafield tag="504" ind1=" " ind2=" ">
   <subfield code="a">Incluye referencias bibliográficas.</subfield>
  </datafield>
  <datafield tag="530" ind1=" " ind2=" ">
   <subfield code="a">Disponible también en formato digital</subfield>
  </datafield>
  <datafield tag="100" ind1="1" ind2=" ">
   <subfield code="a">Gutierrez, Victoria Soledad.</subfield>
   <subfield code="4">dis</subfield>
  </datafield>
  <datafield tag="700" ind1="1" ind2=" ">
   <subfield code="a">Volpe, María A.</subfield>
   <subfield code="q">(María Alicia)</subfield>
   <subfield code="4">ths</subfield>
  </datafield>
  <datafield tag="700" ind1="1" ind2=" ">
   <subfield code="a">Alvarez, Mariana.</subfield>
   <subfield code="4">ths</subfield>
  </datafield>
  <datafield tag="710" ind1="2" ind2=" ">
   <subfield code="a">Universidad Nacional del Sur.</subfield>
   <subfield code="b">Departamento de Química</subfield>
   <subfield code="4">dgg.</subfield>
  </datafield>
  <datafield tag="082" ind1="0" ind2="4">
   <subfield code="a">040</subfield>
   <subfield code="2">15</subfield>
  </datafield>
  <datafield tag="082" ind1="0" ind2="4">
   <subfield code="a">546.56</subfield>
   <subfield code="2">15</subfield>
  </datafield>
  <datafield tag="082" ind1="0" ind2="4">
   <subfield code="a">541.395</subfield>
   <subfield code="2">19</subfield>
  </datafield>
  <datafield tag="650" ind1=" " ind2="7">
   <subfield code="a">Química.</subfield>
   <subfield code="2">unbist</subfield>
  </datafield>
  <datafield tag="650" ind1=" " ind2="7">
   <subfield code="a">Cobre.</subfield>
   <subfield code="2">unbist</subfield>
  </datafield>
  <datafield tag="650" ind1=" " ind2="7">
   <subfield code="a">Oro.</subfield>
   <subfield code="2">unbist</subfield>
  </datafield>
  <datafield tag="650" ind1=" " ind2="7">
   <subfield code="a">Plata.</subfield>
   <subfield code="2">unbist</subfield>
  </datafield>
  <datafield tag="650" ind1=" " ind2="7">
   <subfield code="a">Catalizadores.</subfield>
   <subfield code="2">unbist</subfield>
  </datafield>
  <datafield tag="650" ind1=" " ind2="7">
   <subfield code="a">Oxidación.</subfield>
   <subfield code="2">abne</subfield>
  </datafield>
  <datafield tag="653" ind1=" " ind2=" ">
   <subfield code="a">Hidrogenación</subfield>
  </datafield>
  <datafield tag="856" ind1="4" ind2="1">
   <subfield code="3">Texto completo</subfield>
   <subfield code="u">http://repositoriodigital.uns.edu.ar/handle/123456789/508</subfield>
  </datafield>
  <datafield tag="859" ind1=" " ind2=" ">
   <subfield code="a">AR-BaUNS</subfield>
   <subfield code="b">BIB. CENTRAL - Tesis</subfield>
   <subfield code="h">040</subfield>
   <subfield code="i">B148 2013-1260g</subfield>
   <subfield code="k">R</subfield>
   <subfield code="p">124527/014</subfield>
  </datafield>
  <datafield tag="859" ind1=" " ind2=" ">
   <subfield code="a">AR-BaUNS</subfield>
   <subfield code="b">BIB. CENTRAL - Sector A - Tesis</subfield>
   <subfield code="h">040</subfield>
   <subfield code="i">B148 2013-1260g</subfield>
   <subfield code="p">124528/014</subfield>
  </datafield>
 </record>
</collection>
